000 00594nam a22001937a 4500
005 20251108164951.0
008 250721s1993 xx 000 0 ara d
082 1 4 _a214/محم
100 1 _aالمهدي، محمد عقيل بن علي
245 1 0 _aمقدمة العقيدة الإسلامية و علم الكلام /
264 1 _aالقاهره :
_bدار الحديث،
_c1993.
300 _a139ص
650 1 7 _aالإسلام
650 1 7 _aأصول الدين الإسلامي
650 1 7 _aالتوحيد
650 1 7 _aعلم الكلام
942 _2ddc
_cBK
999 _c18647
_d18647